[Event "Outaouais-ch"]
[Site "Gatineau CAN"]
[Date "2019.04.12"]
[Round "7"]
[White "Bastien, Andre"]
[Black "Azar, Sebastien"]
[Result "0-1"]
[WhiteElo "1792"]
[BlackElo "1781"]
[PlyCount "94"]
[EventDate "2019.03.20"]
[EventType "tourn"]
[EventRounds "7"]
[EventCountry "CAN"]

1. d4 d5 2. Nc3 e6 3. Nf3 Nf6 4. Bg5 Be7 5. Bxf6 Bxf6 6. e4 dxe4 7. Nxe4 O-O 8.
Bc4 Nd7 9. O-O b6 10. Qe2 Bb7 11. Rad1 Qe7 12. c3 Rfd8 13. Rd2 Bd5 14. Rfd1 a6
15. a4 a5 16. Re1 h6 17. Ng3 Bxc4 18. Qxc4 Nf8 19. d5 Rac8 20. Qg4 Kh7 21. Qe4+
g6 22. Nh5 Bh8 23. dxe6 Rxd2 24. Nxd2 f5 25. Qb7 Rd8 26. Nc4 gxh5 27. Nxb6 Be5
28. Qf3 Qxe6 29. Nc4 Ng6 30. Ne3 Rf8 31. Qxh5 Nf4 32. Qd1 Qd6 33. Nc4 Qxd1 34.
Rxd1 Bd6 35. g3 Nh3+ 36. Kg2 Ng5 37. f4 Ne4 38. Nxa5 Ra8 39. Rd5 Kg6 40. Kf3
Nf6 41. Rb5 Ra6 42. Nb3 Rxa4 43. Nd4 c5 44. Nb3 Ra2 45. Nd2 Ra4 46. b3 Ra2 47.
Nc4 Ng4 0-1

[Event "Outaouais-ch"]
[Site "Gatineau CAN"]
[Date "2019.05.14"]
[Round "7"]
[White "Desjardins, Michel"]
[Black "Akrib, Fouad"]
[Result "1/2-1/2"]
[WhiteElo "1898"]
[BlackElo "1943"]
[PlyCount "61"]
[EventDate "2019.03.20"]
[EventType "tourn"]
[EventRounds "7"]
[EventCountry "CAN"]

1. e4 a6 2. d4 b5 3. Be3 Bb7 4. Bd3 Nf6 5. Nd2 e6 6. Ngf3 d5 7. e5 Nfd7 8. O-O
c5 9. c3 Nc6 10. Ng5 g6 11. Ndf3 Be7 12. Qc2 cxd4 13. Nxe6 fxe6 14. Bxg6+ hxg6
15. Qxg6+ Kf8 16. Bh6+ Rxh6 17. Qxh6+ Kf7 18. Qh7+ Ke8 19. Qg6+ Kf8 20. Qh6+
Kg8 21. Qg6+ Kh8 22. Qh6+ Kg8 23. Qg6+ Kf8 24. Qh6+ Ke8 25. Qg6+ Kf8 26. Qh6+
Kg8 27. Qg6+ Kh8 28. Qh6+ Kg8 29. Qg6+ Kf8 30. Qh6+ Kg8 31. Qg6+ 1/2-1/2

[Event "Outaouais-ch"]
[Site "Gatineau CAN"]
[Date "2019.05.14"]
[Round "7"]
[White "Raymond, Daniel"]
[Black "Gagnon, Fabien"]
[Result "0-1"]
[WhiteElo "1855"]
[BlackElo "1901"]
[PlyCount "70"]
[EventDate "2019.03.20"]
[EventType "tourn"]
[EventRounds "7"]
[EventCountry "CAN"]

1. e4 c6 2. d4 d5 3. Nc3 dxe4 4. Nxe4 Nf6 5. Nxf6+ exf6 6. Nf3 Bd6 7. Be2 Qc7
8. O-O Bg4 9. Re1 O-O 10. h3 Bh5 11. c4 b6 12. a3 a5 13. Be3 Nd7 14. Rc1 Rad8
15. Qb3 Rfe8 16. c5 bxc5 17. dxc5 Bf4 18. Bxf4 Qxf4 19. Bc4 Rxe1+ 20. Rxe1 Bxf3
21. Bxf7+ Kf8 22. Qe6 Ne5 23. gxf3 Nxf3+ 24. Kf1 Nxe1 25. Bg8 Qc7 26. Bxh7 Qf7
27. Qxe1 g6 28. Qxa5 Re8 29. Qc3 Kg7 30. Qf3 Qe6 31. Bxg6 Kxg6 32. b4 Qe1+ 33.
Kg2 Qe4 34. a4 Qxf3+ 35. Kxf3 Rb8 0-1

[Event "Outaouais-ch"]
[Site "Gatineau CAN"]
[Date "2019.05.14"]
[Round "7"]
[White "Thibault, Mario"]
[Black "Guimond, Michel"]
[Result "1/2-1/2"]
[WhiteElo "1827"]
[BlackElo "1936"]
[PlyCount "82"]
[EventDate "2019.03.20"]
[EventType "tourn"]
[EventRounds "7"]
[EventCountry "CAN"]

1. e4 e6 2. d4 d5 3. Nd2 Nf6 4. e5 Nfd7 5. Bd3 c5 6. c3 Nc6 7. Ne2 b6 8. Nf3
Be7 9. h4 h6 10. Nf4 Qc7 11. a3 Bb7 12. Qe2 c4 13. Bc2 O-O-O 14. Bd2 g5 15. Nh5
Rdg8 16. hxg5 hxg5 17. g4 Qd8 18. O-O-O Rh6 19. Ng3 Rgh8 20. Rh5 Rxh5 21. Nxh5
b5 22. Qe3 Rg8 23. Rh1 Qa5 24. Kb1 Nb6 25. Nxg5 Bxg5 26. Qf3 Bxd2 27. Qxf7 Rd8
28. Nf6 Nd7 29. Rh7 Ncb8 30. Ne8 Rxe8 31. Qxe8+ Qd8 32. Qxe6 Bc6 33. Bf5 Kb7
34. Qd6 Bf4 35. Qg6 Kb6 36. Qf7 Bxe5 37. dxe5 Qg5 38. Rg7 Qd2 39. e6 b4 40.
axb4 Qd1+ 41. Ka2 Qa4+ 1/2-1/2

[Event "Outaouais-ch Reserve"]
[Site "Gatineau CAN"]
[Date "2019.03.26"]
[Round "1"]
[White "Arcand, Pierre"]
[Black "Lavergne, Daniel"]
[Result "0-1"]
[WhiteElo "1249"]
[BlackElo "1610"]
[PlyCount "54"]
[EventDate "2019.03.26"]
[EventType "swiss"]
[EventRounds "8"]
[EventCountry "CAN"]

1. e4 c5 2. Nf3 d6 3. Bb5+ Nc6 4. d4 cxd4 5. Nxd4 Qc7 6. Nxc6 bxc6 7. Ba4 Ba6
8. b3 Nf6 9. Qf3 Rc8 10. c4 g6 11. O-O Bg7 12. Bb2 O-O 13. Re1 Nd7 14. Bxg7
Kxg7 15. Nc3 Nc5 16. Re3 Ne6 17. Rd1 Bb7 18. Qg3 Rfd8 19. e5 d5 20. cxd5 cxd5
21. Nb5 Qc2 22. Qf3 d4 23. Nxd4 Nxd4 24. Qg4 Ne2+ 25. Qxe2 Rxd1+ 26. Qf1 Rxf1+
27. Kxf1 Ba6+ 0-1

[Event "Outaouais-ch Reserve"]
[Site "Gatineau CAN"]
[Date "2019.03.26"]
[Round "1"]
[White "Berthiaume, Serge"]
[Black "Jobin, Gilles G"]
[Result "0-1"]
[WhiteElo "1433"]
[BlackElo "1755"]
[PlyCount "62"]
[EventDate "2019.03.26"]
[EventType "swiss"]
[EventRounds "8"]
[EventCountry "CAN"]

1. d4 d6 2. Nf3 Nf6 3. Bf4 g6 4. e3 Bg7 5. Bd3 O-O 6. c3 Nh5 7. Bg3 Nxg3 8.
hxg3 Bg4 9. Nbd2 Nd7 10. Qc2 e5 11. O-O-O d5 12. Rh4 Bxf3 13. gxf3 exd4 14.
exd4 Nf6 15. Rdh1 Re8 16. g4 Qe7 17. Qd1 h6 18. f4 Ne4 19. Qf3 Nxd2 20. Kxd2
Qf6 21. g5 hxg5 22. Rg4 Qb6 23. Kc2 Rad8 24. Rxg5 c5 25. Rxd5 Rxd5 26. Qxd5
cxd4 27. c4 Qc6 28. Qa5 Qxh1 29. Qxa7 Qf3 30. Qa4 Qxf2+ 31. Kb3 Re3 0-1

[Event "Outaouais-ch Reserve"]
[Site "Gatineau CAN"]
[Date "2019.03.26"]
[Round "1"]
[White "Ethier, Valori"]
[Black "Latreille, Etienne"]
[Result "0-1"]
[WhiteElo "1419"]
[BlackElo "1674"]
[PlyCount "84"]
[EventDate "2019.03.26"]
[EventType "swiss"]
[EventRounds "8"]
[EventCountry "CAN"]

1. f4 d5 2. b3 Nf6 3. Bb2 g6 4. Nf3 Bg7 5. e3 c5 6. Nc3 Nc6 7. Bb5 O-O 8. Bxc6
bxc6 9. Ne5 Qd6 10. Qe2 Nd7 11. Nxd7 Qxd7 12. Na4 Bxb2 13. Nxb2 Qf5 14. Rc1 a5
15. d3 e5 16. fxe5 Qxe5 17. c3 Re8 18. e4 Ba6 19. c4 dxe4 20. dxe4 Qxe4 21.
Qxe4 Rxe4+ 22. Kf2 Rd8 23. Rhd1 Red4 24. Ke2 Bc8 25. h3 Bf5 26. Rc3 h5 27. Rxd4
cxd4 28. Rc1 Kg7 29. Rd1 Kf6 30. Nd3 Re8+ 31. Kd2 Bxd3 32. Kxd3 c5 33. Rf1+ Kg7
34. Rf2 Re3+ 35. Kd2 f5 36. Kc2 Kf6 37. Rd2 Ke5 38. Kb2 Ke4 39. Ka3 d3 40. Kb2
Kd4 41. a3 Re2 42. Kc1 Kc3 0-1

[Event "Outaouais-ch Reserve"]
[Site "Gatineau CAN"]
[Date "2019.03.26"]
[Round "1"]
[White "Fang, Johnny"]
[Black "Villeneuve, Denis"]
[Result "0-1"]
[WhiteElo "1096"]
[BlackElo "1483"]
[PlyCount "96"]
[EventDate "2019.03.26"]
[EventType "swiss"]
[EventRounds "8"]
[EventCountry "CAN"]

1. e4 c5 2. Nf3 d6 3. c3 Nc6 4. d4 cxd4 5. cxd4 Nf6 6. Nc3 e6 7. Bc4 Be7 8. e5
dxe5 9. dxe5 Qxd1+ 10. Nxd1 Bb4+ 11. Nc3 Nd7 12. Bf4 O-O 13. O-O a6 14. a3 Be7
15. Ne4 b5 16. Ba2 Na5 17. Nd6 Bb7 18. Nxb7 Nxb7 19. Rfd1 Rfd8 20. Rac1 Ndc5
21. Bg5 Bxg5 22. Nxg5 h6 23. Nf3 Nd3 24. Rc3 Nxb2 25. Rxd8+ Rxd8 26. h3 Na4 27.
Rc7 Nbc5 28. Bb1 Rd1+ 29. Kh2 Rxb1 30. Rc8+ Kh7 31. Rf8 Ne4 32. Rxf7 Nxf2 33.
Re7 Rh1+ 34. Kg3 Ne4+ 35. Kg4 Nac5 36. Nd4 Ra1 37. Nxe6 Nxe6 38. Rxe6 Rxa3 39.
Kf4 Ra4 40. Ke3 Ng5 41. Rb6 Re4+ 42. Kd3 Rxe5 43. Rxa6 Ne6 44. g4 Nc5+ 45. Kd4
Nxa6 46. Kxe5 b4 47. Kd4 Kg6 48. h4 h5 0-1

[Event "Outaouais-ch Reserve"]
[Site "Gatineau CAN"]
[Date "2019.03.26"]
[Round "1"]
[White "Fang, Zhou"]
[Black "Danilov, Alex"]
[Result "0-1"]
[WhiteElo "1408"]
[BlackElo "1626"]
[PlyCount "86"]
[EventDate "2019.03.26"]
[EventType "swiss"]
[EventRounds "8"]
[EventCountry "CAN"]

1. e4 c5 2. Nf3 g6 3. Bc4 Bg7 4. Nc3 Nc6 5. O-O Nf6 6. d3 O-O 7. Bf4 Na5 8. Nb5
d6 9. e5 Nh5 10. Qd2 dxe5 11. Be3 Nxc4 12. dxc4 Qxd2 13. Nxd2 b6 14. Rad1 Bf5
15. c3 Rad8 16. Nxa7 Ra8 17. Nb5 Rxa2 18. f3 Bd3 19. Rf2 Rd8 20. Ne4 f5 21. Ng5
Bh6 22. h4 e4 23. fxe4 fxe4 24. Bc1 Nf6 25. Nc7 Ng4 26. Rf4 Bxg5 27. hxg5 Rf8
28. Rxg4 Be2 29. Rxe4 Bxd1 30. Rxe7 Ra1 31. Nd5 Rxc1 32. Nf6+ Rxf6 33. gxf6
Be2+ 34. Kh2 Bxc4 35. Kg3 Rf1 36. Re4 Bd5 37. Rf4 Rxf4 38. Kxf4 Kf7 39. Ke5
Bxg2 40. Kd6 h5 41. Kc7 b5 42. Kb6 b4 43. Kxc5 bxc3 0-1

[Event "Outaouais-ch Reserve"]
[Site "Gatineau CAN"]
[Date "2019.03.26"]
[Round "1"]
[White "Lecorre, Joel"]
[Black "Gribble, Nicolas"]
[Result "1-0"]
[WhiteElo "1559"]
[BlackElo "1226"]
[PlyCount "75"]
[EventDate "2019.03.26"]
[EventType "swiss"]
[EventRounds "8"]
[EventCountry "CAN"]

1. e4 c5 2. Nc3 Nc6 3. g3 g6 4. Bg2 Bg7 5. d3 e5 6. Nge2 Nge7 7. f4 d6 8. Be3
Bd7 9. Qd2 Nd4 10. Nd5 Bg4 11. Bxd4 exd4 12. c4 O-O 13. h3 Bd7 14. O-O f5 15.
b4 b6 16. Nxe7+ Qxe7 17. exf5 Rae8 18. Rae1 Bxf5 19. g4 Bxd3 20. Qxd3 Qe3+ 21.
Qxe3 Rxe3 22. Rf3 cxb4 23. Rxe3 dxe3 24. Rd1 Rd8 25. Rd3 a5 26. Rxe3 d5 27.
Bxd5+ Kf8 28. Bc6 Rc8 29. Bb5 Kf7 30. Kg2 Rc5 31. Re4 Kf6 32. Nd4 a4 33. Re6+
Kf7 34. Re4 Bxd4 35. Rxd4 b3 36. axb3 axb3 37. Rd3 b2 38. Rb3 1-0

[Event "Outaouais-ch Reserve"]
[Site "Gatineau CAN"]
[Date "2019.03.26"]
[Round "1"]
[White "Lemieux, Richard"]
[Black "Sabourin, Yves"]
[Result "1-0"]
[WhiteElo "1647"]
[BlackElo "1410"]
[PlyCount "63"]
[EventDate "2019.03.26"]
[EventType "swiss"]
[EventRounds "8"]
[EventCountry "CAN"]

1. e4 e5 2. Nf3 Nf6 3. Nxe5 d6 4. Nf3 Nxe4 5. d3 Nf6 6. Be2 g6 7. O-O Bg7 8.
Nc3 O-O 9. Bg5 Be6 10. Qd2 Nbd7 11. Rfe1 c6 12. Ne4 d5 13. Ng3 Qb6 14. c3 Rfe8
15. d4 Ne4 16. Nxe4 dxe4 17. Nh4 f6 18. Be3 Bd5 19. c4 Bf7 20. d5 Qc7 21. d6
Qd8 22. c5 f5 23. g3 b6 24. Bg5 Qb8 25. cxb6 axb6 26. Bh6 Bxh6 27. Qxh6 Qxd6
28. Red1 Qe7 29. g4 g5 30. Nxf5 Qf6 31. Rxd7 Rxa2 32. Rxa2 1-0

[Event "Outaouais-ch Reserve"]
[Site "Gatineau CAN"]
[Date "2019.03.26"]
[Round "1"]
[White "Masse-Garneau, Anthony"]
[Black "Labelle, Raymond"]
[Result "0-1"]
[WhiteElo "1612"]
[BlackElo "1377"]
[PlyCount "94"]
[EventDate "2019.03.26"]
[EventType "swiss"]
[EventRounds "8"]
[EventCountry "CAN"]

1. d4 e6 2. c4 b6 3. Nf3 Bb7 4. g3 d6 5. Bg2 Nf6 6. O-O Be7 7. Nc3 Nbd7 8. Re1
O-O 9. e4 e5 10. d5 Re8 11. h3 Nf8 12. Nh2 Bc8 13. f4 exf4 14. gxf4 Ng6 15. e5
Nd7 16. e6 Nf6 17. f5 Ne5 18. b3 Rb8 19. Bf4 Bb7 20. Bxe5 dxe5 21. Rxe5 Bd6 22.
Re2 Nh5 23. exf7+ Kxf7 24. Rxe8 Bxh2+ 25. Kxh2 Qd6+ 26. Kg1 Qc5+ 27. Kh1 Ng3+
28. Kh2 Rxe8 29. Kxg3 Qe3+ 30. Qf3 Qe5+ 31. Kf2 Qd4+ 32. Kf1 Re3 33. Qh5+ Kg8
34. Rc1 Qf4+ 35. Kg1 Qd4 36. Kh1 h6 37. Qd1 Qf4 38. Qd2 Rxh3+ 39. Bxh3 Qxd2 40.
Rg1 Qxc3 41. Kh2 Qe5+ 42. Kh1 Qe4+ 43. Kh2 Qe5+ 44. Kh1 Bc8 45. Rg6 Bxf5 46.
Bxf5 Qxf5 47. Rc6 Qe5 0-1

[Event "Outaouais-ch Reserve"]
[Site "Gatineau CAN"]
[Date "2019.03.26"]
[Round "1"]
[White "Pearce, Thomas"]
[Black "Boutin, Michel"]
[Result "1-0"]
[WhiteElo "1499"]
[BlackElo "1145"]
[PlyCount "87"]
[EventDate "2019.03.26"]
[EventType "swiss"]
[EventRounds "8"]
[EventCountry "CAN"]

1. d4 Nf6 2. c4 d6 3. Nc3 a6 4. Nf3 Bg4 5. e3 c6 6. b4 d5 7. Be2 e6 8. Qb3 h6
9. Ne5 h5 10. h3 Bxe2 11. Nxe2 Bd6 12. Bb2 O-O 13. O-O Nbd7 14. c5 Be7 15. Ng3
Rb8 16. Qd1 b6 17. Nxc6 Qe8 18. Nxh5 Nh7 19. Nxe7+ Qxe7 20. a3 g6 21. c6 Ndf6
22. Nxf6+ Nxf6 23. Rc1 Rfc8 24. Qd3 b5 25. Rc2 Rb6 26. Rfc1 Qd6 27. c7 Ne8 28.
e4 Nxc7 29. e5 Qe7 30. Qg3 Rb7 31. h4 Qf8 32. Qg5 Rbb8 33. Rxc7 Rxc7 34. Rxc7
Rc8 35. Rc5 Rxc5 36. bxc5 a5 37. h5 Kh7 38. hxg6+ fxg6 39. Qf6 Qg8 40. Qh4+ Kg7
41. Bc1 Kf7 42. Qf6+ Ke8 43. Bg5 Qf7 44. Qd8# 1-0

[Event "Outaouais-ch Reserve"]
[Site "Gatineau CAN"]
[Date "2019.03.26"]
[Round "1"]
[White "Rioux, Jocelyn"]
[Black "Sun, Roy"]
[Result "1-0"]
[WhiteElo "1712"]
[BlackElo "1424"]
[PlyCount "71"]
[EventDate "2019.03.26"]
[EventType "swiss"]
[EventRounds "8"]
[EventCountry "CAN"]

1. e4 c5 2. Nf3 Nc6 3. d4 e6 4. d5 exd5 5. exd5 Nd4 6. Nxd4 cxd4 7. Qxd4 Qc7 8.
c4 Nf6 9. Bf4 Qa5+ 10. Nc3 Qb4 11. b3 Bc5 12. Qe5+ Kf8 13. Be3 d6 14. Bxc5 Qxc5
15. Qe2 Bg4 16. Qd2 Re8+ 17. Be2 Bxe2 18. Nxe2 Ne4 19. Qf4 Qb4+ 20. Kd1 Nc3+
21. Nxc3 Qxc3 22. Rc1 Qd3+ 23. Qd2 Qf5 24. Re1 Qh5+ 25. Kc2 Qxh2 26. Rxe8+ Kxe8
27. Re1+ Kd7 28. Qg5 Kc7 29. Qxg7 Rd8 30. Qxf7+ Rd7 31. Re7 Rxe7 32. Qxe7+ Kb6
33. Qe3+ Ka6 34. b4 Qxg2 35. Qa3+ Kb6 36. Qa5# 1-0

[Event "Outaouais-ch Reserve"]
[Site "Gatineau CAN"]
[Date "2019.03.26"]
[Round "1"]
[White "Simard, Paul"]
[Black "Dupont-Mageau, Nicolas"]
[Result "0-1"]
[WhiteElo "1175"]
[BlackElo "1558"]
[PlyCount "42"]
[EventDate "2019.03.26"]
[EventType "swiss"]
[EventRounds "8"]
[EventCountry "CAN"]

1. d4 Nf6 2. c4 e5 3. dxe5 Ng4 4. Nf3 Nc6 5. Nbd2 Bc5 6. e3 Ngxe5 7. Be2 Qe7 8.
O-O d6 9. h3 Be6 10. b3 g5 11. Bb2 O-O-O 12. Ne4 g4 13. hxg4 Bxg4 14. Nxe5 dxe5
15. Bxg4+ Kb8 16. Qc2 Rhg8 17. Bh3 Qh4 18. Nxc5 Qxh3 19. g3 f5 20. Nd3 Rd6 21.
Nxe5 Rh6 0-1

[Event "Outaouais-ch Reserves"]
[Site "Gatineau CAN"]
[Date "2019.04.02"]
[Round "2"]
[White "Boutin, Michel"]
[Black "Fang, Zhou"]
[Result "0-1"]
[WhiteElo "1145"]
[BlackElo "1408"]
[PlyCount "34"]
[EventDate "2019.03.20"]
[EventType "swiss"]
[EventRounds "8"]
[EventCountry "CAN"]

1. e4 c5 2. Nf3 Nc6 3. Bb5 Nf6 4. Nc3 d6 5. h3 Bd7 6. d3 g6 7. O-O Qc7 8. Bf4
Rg8 9. b3 Nh5 10. Bg3 g5 11. Bh2 Bg7 12. Qd2 Qa5 13. Bxc6 Bxc3 14. Bxd7+ Kxd7
15. Qc1 Bxa1 16. Qxa1 g4 17. Nh4 gxh3 {
et je suis incapable de reconstituer le reste de la partie. 0-1 en 63 coups.}
0-1

[Event "Outaouais-ch Reserves"]
[Site "Gatineau CAN"]
[Date "2019.04.02"]
[Round "2"]
[White "Danilov, Alex"]
[Black "Legare, Gilles"]
[Result "1-0"]
[WhiteElo "1628"]
[BlackElo "1096"]
[PlyCount "50"]
[EventDate "2019.03.20"]
[EventType "swiss"]
[EventRounds "8"]
[EventCountry "CAN"]

1. Nf3 b6 2. c4 Nf6 3. Nc3 e6 4. d4 d6 5. e4 Be7 6. Bd3 Nbd7 7. e5 dxe5 8. dxe5
Ng4 9. Be4 Rb8 10. Bc6 O-O 11. Bf4 Bc5 12. O-O Nxf2 13. Rxf2 Qe7 14. Ne4 Bxf2+
15. Nxf2 Nc5 16. Bg5 Rd8 17. Qxd8+ Qxd8 18. Bxd8 Bb7 19. Bxc7 Rc8 20. Bxb7 Rxc7
21. Be4 f5 22. exf6 gxf6 23. Nd4 e5 24. Bd5+ Kh8 25. Re1 Re7 {
et kes Noirs abandonnÃ..rent au 33e coup.} 1-0

[Event "Outaouais-ch Reserves"]
[Site "Gatineau CAN"]
[Date "2019.04.02"]
[Round "2"]
[White "Gribble, Nicolas"]
[Black "Ethier, Valori"]
[Result "0-1"]
[WhiteElo "1226"]
[BlackElo "1419"]
[PlyCount "28"]
[EventDate "2019.03.20"]
[EventType "swiss"]
[EventRounds "8"]
[EventCountry "CAN"]

1. e4 c6 2. d4 d5 3. Nc3 dxe4 4. Nxe4 Nd7 5. g3 Ngf6 6. Bg2 Nxe4 7. Bxe4 Nf6 8.
Bg2 g6 9. Ne2 Bg7 10. c3 O-O 11. O-O Bg4 12. f3 Be6 13. Nf4 Bc4 14. Re1 Re8 {
et je suis incapable de reconstituer la partie. (0-1;41)} 0-1

[Event "Outaouais-ch Reserves"]
[Site "Gatineau CAN"]
[Date "2019.04.02"]
[Round "2"]
[White "Jobin, Gilles G"]
[Black "Lecorre, Joel"]
[Result "0-1"]
[WhiteElo "1755"]
[BlackElo "1559"]
[PlyCount "66"]
[EventDate "2019.03.20"]
[EventType "swiss"]
[EventRounds "8"]
[EventCountry "CAN"]

1. e4 e5 2. Nf3 Nc6 3. Nc3 Nf6 4. g3 d6 5. Bg2 Be6 6. O-O Be7 7. d4 Bg4 8. d5
Nd4 9. Qd3 Nxf3+ 10. Bxf3 Bxf3 11. Qxf3 O-O 12. Qf5 Qc8 13. Qxc8 Raxc8 14. Be3
h6 15. f3 a6 16. Rf2 b5 17. a4 b4 18. Na2 a5 19. c3 c5 20. c4 g5 21. h4 Nh7 22.
Rh2 Kg7 23. Nc1 f5 24. Nd3 fxe4 25. fxe4 Rf3 26. Re1 Rxg3+ 27. Kf2 gxh4 28. Rg1
Rf8+ 29. Ke2 Rff3 30. Rxg3+ Rxg3 31. Bf2 Rg4 32. Kf3 h5 33. Rg2 Ng5+ 0-1

[Event "Outaouais-ch Reserves"]
[Site "Gatineau CAN"]
[Date "2019.04.02"]
[Round "2"]
[White "Labelle, Raymond"]
[Black "Seguin, Hubert"]
[Result "1-0"]
[WhiteElo "1377"]
[BlackElo "1561"]
[PlyCount "57"]
[EventDate "2019.03.20"]
[EventType "swiss"]
[EventRounds "8"]
[EventCountry "CAN"]

1. e4 c5 2. Nf3 Nc6 3. d4 cxd4 4. Nxd4 g6 5. Nxc6 bxc6 6. Bd3 Bg7 7. O-O d5 8.
exd5 Qxd5 9. Nc3 Qd8 10. Qf3 Bd7 11. Re1 Nf6 12. Bg5 O-O 13. h3 Re8 14. Rad1 e5
15. Ne4 Bf5 16. Nxf6+ Bxf6 17. Bxf5 Qe7 18. Bxf6 Qxf6 19. Be4 Qxf3 20. Bxf3
Rac8 21. Rd6 c5 22. Rc6 Rb8 23. b3 f5 24. Bd5+ Kg7 25. Rc7+ Kh6 26. Rxa7 Rbd8
27. c4 e4 28. Rc7 Ra8 29. Bxa8 1-0

[Event "Outaouais-ch Reserves"]
[Site "Gatineau CAN"]
[Date "2019.04.02"]
[Round "2"]
[White "Latreille, Etienne"]
[Black "Pearce, Thomas"]
[Result "1-0"]
[WhiteElo "1674"]
[BlackElo "1499"]
[PlyCount "45"]
[EventDate "2019.03.20"]
[EventType "swiss"]
[EventRounds "8"]
[EventCountry "CAN"]

1. d4 d5 2. Bf4 Nf6 3. c4 e6 4. e3 b6 5. Nf3 Bb7 6. Be2 Bb4+ 7. Nbd2 O-O 8. O-O
Nbd7 9. Rc1 Rc8 10. Qa4 Bxd2 11. Nxd2 a5 12. c5 bxc5 13. dxc5 c6 14. Bd6 Re8
15. Qb3 Nxc5 16. Bxc5 Qd7 17. Rfd1 Rb8 18. Qc3 e5 19. f3 d4 20. Qa3 Rbd8 21.
Nc4 Qf5 22. Nd6 Rxd6 23. Bxd6 1-0

[Event "Outaouais-ch Reserves"]
[Site "Gatineau CAN"]
[Date "2019.04.02"]
[Round "2"]
[White "Lavergne, Daniel"]
[Black "Rioux, Jocelyn"]
[Result "1/2-1/2"]
[WhiteElo "1610"]
[BlackElo "1712"]
[PlyCount "63"]
[EventDate "2019.03.20"]
[EventType "swiss"]
[EventRounds "8"]
[EventCountry "CAN"]

1. e4 e6 2. d4 d5 3. Nc3 Nf6 4. e5 Nfd7 5. f4 c5 6. Nf3 Nc6 7. Be3 Qb6 8. Qd2
cxd4 9. Nxd4 Nxd4 10. Bxd4 Qd8 11. Bd3 Bc5 12. Nb5 Bxd4 13. Nxd4 O-O 14. O-O a6
15. Kh1 Nc5 16. Rf3 f6 17. Raf1 f5 18. c3 Bd7 19. Rg1 g6 20. g4 Kh8 21. gxf5
exf5 22. Bb1 Ne6 23. Nxe6 Bxe6 24. Qd4 Rc8 25. Bc2 Rc4 26. Qf2 d4 27. Bb3 Bd5
28. Bxc4 Bxc4 29. Qxd4 Bd5 30. Kg2 Bxf3+ 31. Kxf3 Qh4 32. Qf2 1/2-1/2

[Event "Outaouais-ch Reserves"]
[Site "Gatineau CAN"]
[Date "2019.04.02"]
[Round "2"]
[White "Sabourin, Yves"]
[Black "Fang, Johnny"]
[Result "1-0"]
[WhiteElo "1410"]
[BlackElo "1096"]
[PlyCount "51"]
[EventDate "2019.03.20"]
[EventType "swiss"]
[EventRounds "8"]
[EventCountry "CAN"]

1. e4 e5 2. Nf3 Nc6 3. Bc4 Bc5 4. c3 d6 5. O-O Nf6 6. d3 Be6 7. Bxe6 fxe6 8.
Qb3 Qd7 9. Bg5 O-O-O 10. Re1 Na5 11. Qd1 Bb6 12. b4 Nc6 13. a4 a6 14. Na3 Kb8
15. Nc4 Ba7 16. b5 axb5 17. axb5 Ne7 18. Qa4 Nc8 19. Be3 b6 20. Na5 bxa5 21.
Qxa5 c5 22. bxc6 Qc7 23. Bxa7+ Nxa7 24. Rab1+ Kc8 25. Qa6+ Qb7 26. Qxb7# 1-0

[Event "Outaouais-ch Reserves"]
[Site "Gatineau CAN"]
[Date "2019.04.02"]
[Round "2"]
[White "Sun, Roy"]
[Black "Arcand, Pierre"]
[Result "1-0"]
[WhiteElo "1424"]
[BlackElo "1249"]
[PlyCount "45"]
[EventDate "2019.03.20"]
[EventType "swiss"]
[EventRounds "8"]
[EventCountry "CAN"]

1. g4 e5 2. d3 Nc6 3. g5 g6 4. Nf3 d6 5. Nc3 Nge7 6. e4 Bg7 7. h4 Bg4 8. Be2
Qd7 9. Be3 O-O-O 10. Nd2 Bxe2 11. Qxe2 Nb4 12. Nc4 d5 13. exd5 Nexd5 14. Bxa7
b6 15. Nxd5 Qxd5 16. Rh2 Qb7 17. Qg4+ Rd7 18. Bxb6 Nxc2+ 19. Kf1 Nxa1 20. h5
Kd8 21. h6 Bf8 22. Nxe5 Qxb6 23. Qxd7# 1-0

[Event "Outaouais-ch Reserves"]
[Site "Gatineau CAN"]
[Date "2019.04.02"]
[Round "2"]
[White "Traversy, Pierre"]
[Black "Berthiaume, Serge"]
[Result "1/2-1/2"]
[WhiteElo "1193"]
[BlackElo "1433"]
[PlyCount "74"]
[EventDate "2019.03.20"]
[EventType "swiss"]
[EventRounds "8"]
[EventCountry "CAN"]

1. d4 d5 2. Nf3 Nf6 3. b3 Bf5 4. Bb2 e6 5. e3 Bd6 6. c4 c6 7. c5 Bc7 8. Nbd2
Nbd7 9. Be2 Ne4 10. Nxe4 Bxe4 11. b4 g5 12. Ne5 f6 13. Bh5+ Ke7 14. Nf7 Qf8 15.
Nxh8 Qxh8 16. f3 Bg6 17. Bxg6 hxg6 18. h3 Bg3+ 19. Ke2 Qh5 20. Kd2 Nf8 21. a4
Qh4 22. Qe2 f5 23. Bc3 Qh6 24. Kc2 Nd7 25. Be1 Bc7 26. Bf2 Nf6 27. Be1 Nh5 28.
a5 Ng3 29. Bxg3 Bxg3 30. Rab1 Qg7 31. h4 Rh8 32. Rh3 Bc7 33. hxg5 Rxh3 34. gxh3
Bg3 35. Rg1 Bh4 36. f4 a6 37. Kd2 Kd7 1/2-1/2

[Event "Outaouais-ch Reserves"]
[Site "Gatineau CAN"]
[Date "2019.04.02"]
[Round "2"]
[White "Villeneuve, Denis"]
[Black "Lemieux, Richard"]
[Result "0-1"]
[WhiteElo "1483"]
[BlackElo "1647"]
[PlyCount "83"]
[EventDate "2019.03.20"]
[EventType "swiss"]
[EventRounds "8"]
[EventCountry "CAN"]

1. e4 e5 2. Nf3 Nc6 3. d4 exd4 4. Nxd4 Nf6 5. Nc3 Bb4 6. f3 O-O 7. Be3 Bxc3+ 8.
bxc3 Re8 9. Bc4 d5 10. Bb5 Qd6 11. Qd2 dxe4 12. f4 Rd8 13. O-O Ne7 14. Rad1 a6
15. Be2 Ned5 16. Nb3 Nxe3 17. Qxe3 Qe7 18. Rxd8+ Qxd8 19. Rd1 Qe7 20. Kh1 Bf5
21. Nc5 c6 22. Nd3 Qa3 23. Nc1 h6 24. Bc4 b5 25. Bb3 a5 26. Qb6 Rc8 27. Rd8+
Rxd8 28. Qxd8+ Kh7 29. Ne2 Bg4 30. Ng1 Be6 31. h3 a4 32. Bxe6 fxe6 33. Qd2 Qxa2
34. Ne2 a3 35. Nd4 Qd5 36. Qc1 a2 37. Qb2 Qc4 38. Nb3 Qf1+ 39. Kh2 Qxf4+ 40.
Kh1 Qf1+ 41. Kh2 e3 42. Nd4 0-1

[Event "Outaouais-ch Reserves"]
[Site "Gatineau CAN"]
[Date "2019.04.02"]
[Round "2"]
[White "Zhao, Richie"]
[Black "Cayen, Jean-Philippe"]
[Result "0-1"]
[WhiteElo "1272"]
[BlackElo "1437"]
[PlyCount "69"]
[EventDate "2019.03.20"]
[EventType "swiss"]
[EventRounds "8"]
[EventCountry "CAN"]

1. e4 g6 2. d4 e6 3. e5 Bg7 4. Nf3 d6 5. Nc3 dxe5 6. Nxe5 a6 7. Be2 Nd7 8. Nxd7
Qxd7 9. Be3 Ne7 10. O-O O-O 11. Qd2 Nf5 12. h3 Nxd4 13. Bh6 Nxe2+ 14. Nxe2 Qxd2
15. Bxd2 Bxb2 16. Rab1 Bf6 17. f4 b5 18. Bb4 Rd8 19. Rbd1 Bb7 20. Rd2 Rxd2 21.
Bxd2 Rd8 22. Rd1 c5 23. Ng3 c4 24. Nf1 c3 25. g4 cxd2 26. g5 Bc3 27. Kf2 Be4
28. Ne3 Rd4 29. Kg3 Ra4 30. Kg4 Rxa2 31. h4 Bxc2 32. Nxc2 Rxc2 33. h5 Rc1 34.
Rxc1 dxc1=Q 35. hxg6 0-1

[Event "Outaouais-ch Reserves"]
[Site "Gatineau CAN"]
[Date "2019.04.09"]
[Round "3"]
[White "Arcand, Pierre"]
[Black "Boutin, Michel"]
[Result "1-0"]
[WhiteElo "1249"]
[BlackElo "1145"]
[PlyCount "85"]
[EventDate "2019.03.20"]
[EventType "swiss"]
[EventRounds "8"]
[EventCountry "CAN"]

1. e4 e5 2. Nf3 Nc6 3. Bc4 Nf6 4. Nc3 Bb4 5. Ng5 O-O 6. a3 Ba5 7. O-O d6 8. h3
a6 9. b4 Bb6 10. Nd5 Bd7 11. Nxf6+ Qxf6 12. d3 h6 13. Nf3 Bd4 14. Nxd4 Nxd4 15.
Bb2 Nc6 16. Bd5 Nd8 17. Qd2 c6 18. Bc4 b5 19. Bb3 c5 20. Bd5 Rc8 21. f4 Qe7 22.
f5 Bc6 23. Bxc6 Nxc6 24. Rf2 c4 25. Raf1 f6 26. Rf3 Rf7 27. Rg3 Kf8 28. Rg6 Ke8
29. Rf3 Kd7 30. h4 Ra8 31. h5 a5 32. Bc3 axb4 33. Bxb4 Qf8 34. dxc4 Nd4 35. Rc3
bxc4 36. Rxc4 Rc8 37. Rxc8 Qxc8 38. c3 Nb5 39. Qd5 Ke7 40. Qxb5 Kf8 41. Bxd6+
Kg8 42. a4 Qxc3 43. Qe8+ 1-0